00760nac a22002291u 4500010001700000020003500017082001500052090001500067100003400082245007200116246002600188246002800214250001200242260006100254300002500315500002000340650001600360700002000376942001700396999001500413952010200428 a 2001056920 a0273655523 (alk. paper : pbk.)00a657bW8732 c4663d4663 aWood, Frank, 10aFrank Wood's business accounting 1 /cFrank Wood and Alan Sangster.30aBusiness accounting 130aBusiness accounting one a8th ed. aNew York :bFinancial Times/Prentice Hall,c1999.cc1999. a656 p.bill.c25 cm. aIncludes index. 0aAccounting.1 aSangster, Alan. cBBk657W8732 c4663d4663 00104070aMAINbMAINc1STd2013-09-07ePurchasel0o657 WOOp000005663r2025-07-15 00:00:00yBB